=LDR 00000nam 2200000 4500 =001 INLIS000000000053776 =005 20240627091003 =035 ##$$a 0010-0219000033 =007 ta =008 240627###########################0###### =020 ##$$a 978-602-00-2360-1 =082 ##$$a 028.5 =084 ##$$a 028.5 ENI a =100 #$$a Eni Martini =245 1#$$a Anak nakal atau banyak akal /$c Eni Martini; Layla Hanna, dkk =260 ##$$a Jakarta :$b Elex Media Komputindo,$c 2012 =300 ##$$a viii, 202 hlm. : $b - ; $c 21 x 14 Cm. =650 #4$$a Bacaan Kanak-Kanak =700 #$$a Layla Hanna =990 ##$$a 31800220 =990 ##$$a 31800220